NBA Most PPG 2016-17 - Statistics

General Stats
  • This quiz has been taken 30 times
  • The average score is 39 of 50
Answer Stats
NBA Team Position Player PPG % Correct
Cleveland Cavaliers Small Forward LeBron James 26.4
100%
Golden State Warriors Point Guard Stephen Curry 25.3
97%
New Orleans Pelicans Power Forward Anthony Davis 28.0
93%
Houston Rockets Shooting Guard James Harden 29.1
93%
Golden State Warriors Small Forward Kevin Durant 25.1
93%
Oklahoma City Thunder Point Guard Russell Westbrook 31.6
93%
Portland Trail Blazers Point Guard Damian Lillard 27.0
90%
Boston Celtics Point Guard Isaiah Thomas 28.9
90%
San Antonio Spurs Small Forward Kawhi Leonard 25.5
90%
Cleveland Cavaliers Point Guard Kyrie Irving 25.2
90%
Los Angeles Clippers Power Forward Blake Griffin 21.6
87%
Brooklyn Nets Center Brook Lopez 20.5
87%
New York Knicks Small Forward Carmelo Anthony 22.4
87%
New Orleans Pelicans Center DeMarcus Cousins 27.0
87%
Toronto Raptors Shooting Guard DeMar DeRozan 27.3
87%
Washington Wizards Point Guard John Wall 23.1
87%
Minnesota Timberwolves Center Karl-Anthony Towns 25.1
87%
Charlotte Hornets Point Guard Kemba Walker 23.2
87%
Cleveland Cavaliers Power Forward Kevin Love 19.0
87%
Golden State Warriors Shooting Guard Klay Thompson 22.3
87%
Utah Jazz Small Forward Gordon Hayward 21.9
83%
Toronto Raptors Point Guard Kyle Lowry 22.4
83%
Memphis Grizzlies Point Guard Mike Conley 20.5
83%
Indiana Pacers Small Forward Paul George 23.7
83%
Minnesota Timberwolves Small Forward Andrew Wiggins 23.6
80%
New York Knicks Point Guard Derrick Rose 18.0
80%
Chicago Bulls Shooting Guard Dwayne Wade 18.3
80%
Chicago Bulls Shooting Guard Jimmy Butler 23.9
80%
Memphis Grizzlies Center Marc Gasol 19.5
80%
Washington Wizards Shooting Guard Bradley Beal 23.1
77%
Milwaukee Bucks Small Forward Giannia Antetokounmpo 22.9
77%
Dallas Mavericks Small Forward Harrison Barnes 19.2
77%
San Antonio Spurs Power Forward LaMarcus Aldridge 17.3
77%
Los Angeles Clippers Point Guard Chris Paul 18.1
73%
Portland Trail Blazers Shooting Guard C.J. McCollum 23.0
73%
Phoenix Suns Shooting Guard Devin Booker 22.1
73%
Phoenix Suns Point Guard Eric Bledsoe 21.1
73%
Miami Heat Point Guard Goran Dragic 20.3
73%
New York Knicks Power Forward Kristaps Porzingis 18.1
73%
Miami Heat Center Hassan Whiteside 17.0
70%
Atlanta Hawks Power Forward Paul Millsap 18.1
70%
Houston Rockets Shooting Guard Eric Gordon 16.2
67%
Oklahoma City Thunder Shooting Guard Victor Oladipo 15.9
67%
Atlanta Hawks Point Guard Dennis Schroder 17.9
63%
Denver Nuggets Small Forward Danilo Gallinari 18.2
53%
Denver Nuggets Power Forward Nikola Jokic 16.7
53%
Houston Rockets Shooting Guard Louis Williams 17.5
50%
Detroit Pistons Small Forward Tobias Harris 16.1
50%
Denver Nuggets Small Forward Wilson Chandler 15.7
40%
Orlando Magic Shooting Guard Evan Fournier 17.2
7%
No matching quizzes found
Score Distribution
Percent of People with Each Score
Percentile by Number Answered
Your Score History
You have not taken this quiz